Rick and Morty Quiz - Season 1-5 - Statistics

General Stats
  • This quiz has been taken 1,172 times
  • The average score is 12 of 20
Answer Stats
Hint Answer % Correct
Assistant to his grandpa Morty
100%
Mad scientist grandpa Rick
100%
Mad scientist's daughter Beth
97%
Mad scientist's other grandchild Summer
97%
The father of the above Jerry
96%
Morty's crush Jessica
89%
Beth's occupation Horse surgeon
78%
Who got shot by Beth because she thought he was a parasite Mr. Poopybutthole
76%
Who destroyed the Citadel of Ricks at the end of Season 5 Evil Morty
66%
Who did Summer work for who sold things for no money The Actual Devil
65%
Who is Rick's nemesis who controls the police Mr. Nimbus
57%
What is the name of Rick and Morty's hit song Get Schwifty
51%
What was Rick's original catchphrase Wubba-lubba-dub-dub
47%
What was the name of Rick's Anatomy Park ride Pirates of the Pancreas
46%
What fantasy land did Rick create for Beth as a child Froopyland
32%
What is Rick and Morty's favorite inter-dimensional TV show Ball Fondlers
29%
What word is like "The F-word and the C-word had a child and it was raised by all the bad words for Jews" Glip-Glop
17%
What was the undercover name of the vampiric gym teacher Coach Feratu
15%
What species of alien was Morty's son Gazorpian
15%
Who Rick hates and doesn't respect Bureaucrats
6%
No matching quizzes found
Score Distribution
Percent of People with Each Score
Percentile by Number Answered
Your Score History
You have not taken this quiz